Statistics for All Sister Location Animatronics

Click here to take the quiz!

General Stats

  • This quiz has been taken 19 times
  • The average score is 7 of 10

Answer Stats

Answer% Correct
Ballora
100%
Funtime Foxy
93%
Funtime Freddy
93%
Circus Baby
86%
Ennard
79%
Bon Bon
71%
Minireena
57%
Bidybab
50%
Yenndo
43%
Electrobab
36%

Score Distribution

Percentile by Number Answered

Percent of People with Each Score

Your Score History

You have not taken this quiz